Turkey and Europe

Αποθηκεύτηκε σε:
Λεπτομέρειες βιβλιογραφικής εγγραφής
Άλλοι συγγραφείς: Balkir, Canan (Επιμελητής έκδοσης), Williams, Allan M. (Επιμελητής έκδοσης)
Μορφή: Βιβλίο
Γλώσσα:English
Δημοσίευση: London : Pinter Publishers, c1993
Θέματα:
Ετικέτες: Προσθήκη ετικέτας
Δεν υπάρχουν, Καταχωρήστε ετικέτα πρώτοι!

MARC

LEADER 00000nam a2200000 i 4500
001 1/83188
008 990528s1993 eng d
020 |a 1-85567-012-7 
035 |l 10051286 
040 |a GR-MY-UA  |b gre  |e aacr 
041 0 |a eng 
082 0 |a 303.48256104 
245 1 0 |a Turkey and Europe /  |c Edited by Canan Balkir and Allan M. Williams 
260 |a London :   |b Pinter Publishers,   |c c1993 
300 |a 247 p.  |b tabl. 
504 |a Includes bibliographical references and index 
651 0 |a Turkey  |x Relations  |z Europe. 
651 0 |a Europe  |x Relations  |z Turkey. 
651 0 |a Turkey  |x Foreign economic relations  |z Europe. 
651 0 |a Europe  |x Foreign economic relations  |z Turkey. 
700 1 |a Balkir, Canan.  |4 edt 
700 1 |a Williams, Allan M.  |4 edt 
852 |a INST  |b LESVOS  |e 19990528  |h 303.48256104 TUR  |p 005100016057  |q 005100016057  |t BK  |y 0 
901 |a BIBL1-1999-2 
909 |a Λ  |b 062686 
922 |a 1ΕΛΗ  |b 199812  |c ΚΠΣ/ΤΓ  |d LEADER 
950 |a 118-1998-10-19